000 00380 a2200145 4500
001 61620
020 _a
040 _cAnchieta - Pituba
240 1 0 _aGrandes personagens da nossa história
_lpor
245 1 0 _aGrandes personagens da nossa história
300 _a256
362 0 _a1969
650 4 _aObras enciclopédicas gerais de línguas espanhola e portuguesa
942 _cBK
999 _c61620
_d61620